On growth and form / (Record no. 8780)

000 -LEADER
fixed length control field 00874cam a2200253 i 4500
003 - CONTROL NUMBER IDENTIFIER
control field OSt
005 - DATE AND TIME OF LATEST TRANSACTION
control field 20210106161428.0
008 - FIXED-LENGTH DATA ELEMENTS--GENERAL INFORMATION
fixed length control field 140916r20141961enka b 001 0 eng
020 ## - INTERNATIONAL STANDARD BOOK NUMBER
International Standard Book Number 9781107672567 (pbk)
042 ## - AUTHENTICATION CODE
Authentication code pcc
082 00 - DEWEY DECIMAL CLASSIFICATION NUMBER
Classification number 571.8
Edition number 23
Item number BON
100 1# - MAIN ENTRY--PERSONAL NAME
Personal name Thompson, D'Arcy Wentworth,
Dates associated with a name 1860-1948.
245 10 - TITLE STATEMENT
Title On growth and form /
Statement of responsibility, etc by D'Arcy Wentworth Thompson ; edited by John Tyler Bonner.
250 ## - EDITION STATEMENT
Edition statement An abridged edition/Canto classics edition.
260 ## - PUBLICATION, DISTRIBUTION, ETC. (IMPRINT)
Name of publisher, distributor, etc Cambridge University press
Date of publication, distribution, etc UK
300 ## - PHYSICAL DESCRIPTION
Extent xx, 345 pages :
Other physical details illustrations
Dimensions 23 cm.
490 0# - SERIES STATEMENT
Series statement Canto classics
500 ## - GENERAL NOTE
General note Originally published: Cambridge : Cambridge University Press, 1961.
504 ## - BIBLIOGRAPHY, ETC. NOTE
Bibliography, etc Includes bibliographical references and index.
650 #0 - SUBJECT ADDED ENTRY--TOPICAL TERM
Topical term or geographic name as entry element Growth.
700 1# - ADDED ENTRY--PERSONAL NAME
Personal name Bonner, John ,
Relator term editor.
906 ## - LOCAL DATA ELEMENT F, LDF (RLIN)
a 7
b cbc
c origcop
d 2
e ncip
f 20
g y-gencatlg
942 ## - ADDED ENTRY ELEMENTS (KOHA)
Source of classification or shelving scheme
Holdings
Withdrawn status Lost status Source of classification or shelving scheme Damaged status Koha normalized classification for sorting Not for loan Permanent location Current location Date acquired Full call number Barcode Date last seen Price effective from Koha item type
        571_800000000000000_BON   BMS College of Architecture, Design and Planning BMS College of Architecture, Design and Planning 2021-01-06 571.8 BON AR-UG1971 2021-01-06 2021-01-06 UG Books
Copyright © 2025, The Librarian, Library and Information Centre, BMSCA D&P, Bengaluru. All Rights Reserved
web counter

Powered by Koha